[Event "Wch Juvenil 2010 sub16 Femenino"]
[Site "Porto Carras GRE"]
[Date "2010.10.24"]
[Round "6.6"]
[White "Danelia, Mariam"]
[Black "Ibrahimova, Sabina Oqtay"]
[Result "1-0"]
[WhiteElo "2213"]
[BlackElo "2029"]
[PlyCount "231"]
[EventDate "2010.10.20"]
[EventType "swiss"]
[EventRounds "11"]
[EventCountry "GRE"]
[Source "lmi"]
[SourceDate "2010.10.20"]

1. d4 Nf6 2. c4 g6 3. Nc3 Bg7 4. e4 d6 5. f3 O-O 6. Nge2 Nc6 7. Be3 a6 8. Qd2
Rb8 9. Nc1 e5 10. d5 Nd4 11. Nb3 Nxb3 12. axb3 Nh5 13. g3 f5 14. exf5 gxf5 15.
Be2 Qe8 16. b4 b6 17. O-O-O Bd7 18. Kb1 Qf7 19. f4 Rbd8 20. Rhg1 Nf6 21. h3 Ne4
22. Nxe4 fxe4 23. fxe5 Bxe5 24. Rdf1 Qg6 25. g4 a5 26. h4 Rxf1+ 27. Rxf1 Rf8
28. Rxf8+ Kxf8 29. h5 Qf6 30. bxa5 bxa5 31. g5 Qg7 32. h6 Qf7 33. Qxa5 Be8 34.
Ka2 Qd7 35. Bd1 Qh3 36. Qd2 Qf1 37. Qe2 Qf5 38. Qg4 Bd7 39. Qg2 Be8 40. Bg4 Qg6
41. Qf2+ Ke7 42. Bf5 Qf7 43. Bxe4 Qg8 44. Qc2 Bg6 45. Bxg6 hxg6 46. Bd2 Qa8+
47. Kb1 Qe8 48. Bc3 Qf7 49. Qe4 Kf8 50. Bxe5 dxe5 51. Qxe5 Qf1+ 52. Kc2 Qxc4+
53. Kd2 Qb4+ 54. Qc3 Qf4+ 55. Qe3 Qb4+ 56. Kc1 Qc4+ 57. Kb1 Qxd5 58. Qf4+ Kg8
59. Qxc7 Qd1+ 60. Ka2 Qa4+ 61. Kb1 Qd1+ 62. Qc1 Qd3+ 63. Ka2 Qa6+ 64. Kb3 Qb5+
65. Kc2 Qc4+ 66. Kd1 Qg4+ 67. Kc2 Qc4+ 68. Kb1 Qd3+ 69. Qc2 Qf1+ 70. Ka2 Qa6+
71. Kb3 Qb5+ 72. Ka3 Qxg5 73. b4 Qxh6 74. Qc4+ Kh7 75. b5 Qe3+ 76. Ka4 Qa7+ 77.
Kb4 Qe7+ 78. Qc5 Qe1+ 79. Kc4 Qe4+ 80. Qd4 Qe6+ 81. Qd5 Qe2+ 82. Kc5 Qc2+ 83.
Kd6 Qf2 84. Kc7 Qa7+ 85. Kc8 Kh6 86. Qh1+ Kg5 87. Qc6 Qf7 88. Qd7 Qc4+ 89. Qc6
Qg8+ 90. Kc7 Qf7+ 91. Qd7 Qc4+ 92. Kb6 Kh4 93. Kb7 Qe4+ 94. Kc8 Qa8+ 95. Kc7
Qa7+ 96. Kc6 Qa8+ 97. Kc5 Qf8+ 98. Qd6 Qf5+ 99. Qd5 Qc8+ 100. Kb4 g5 101. b6 g4
102. b7 Qf8+ 103. Kb5 Qe8+ 104. Kb6 Qe3+ 105. Kc7 Qa7 106. Kc8 Qa6 107. Kc7 Qa7
108. Qd8+ Kh3 109. Qh8+ Kg2 110. Qb2+ Kh3 111. Qb6 Qxb6+ 112. Kxb6 g3 113. b8=Q
g2 114. Qh8+ Kg3 115. Qg7+ Kf2 116. Qf6+ 1-0

[Event "Wch Juvenil 2010 sub16 Femenino"]
[Site "Porto Carras GRE"]
[Date "2010.10.24"]
[Round "6.7"]
[White "Leks, Maria"]
[Black "Iwanow, Anna"]
[Result "1-0"]
[WhiteElo "2052"]
[BlackElo "2112"]
[PlyCount "109"]
[EventDate "2010.10.20"]
[EventType "swiss"]
[EventRounds "11"]
[EventCountry "GRE"]
[Source "lmi"]
[SourceDate "2010.10.20"]

1. e4 e5 2. Nf3 Nc6 3. Bc4 Nf6 4. d3 Bc5 5. c3 d6 6. Nbd2 a6 7. Bb3 Ba7 8. h3
h6 9. g4 Nh7 10. Nf1 Qf6 11. Be3 Ng5 12. Nxg5 hxg5 13. Ng3 g6 14. Qd2 Bxe3 15.
fxe3 Be6 16. Bxe6 Qxe6 17. d4 exd4 18. exd4 Qe7 19. O-O-O O-O-O 20. Rdf1 Rh7
21. e5 dxe5 22. d5 e4 23. Re1 f5 24. gxf5 gxf5 25. Nxf5 Qf7 26. Qxg5 Rxd5 27.
Rhf1 Qe6 28. Qg4 Re5 29. Ne3 Kb8 30. Kb1 Rxh3 31. Rf8+ Ka7 32. Qxe6 Rxe6 33.
Nd5 e3 34. Nf4 Rhh6 35. Nxe6 Rxe6 36. Rf3 Kb6 37. Rfxe3 Rxe3 38. Rxe3 Kc5 39.
Kc2 a5 40. Rh3 Kb6 41. a4 Nb8 42. b4 axb4 43. cxb4 Nd7 44. Kb3 c6 45. Rh6 Kc7
46. Kc4 Ne5+ 47. Kd4 Nd7 48. Rh7 Kd6 49. a5 Kc7 50. Kc4 Kd6 51. Kd4 Kc7 52. Ke4
Kd6 53. Kf5 c5 54. b5 c4 55. Kf4 1-0

[Event "Wch Juvenil 2010 sub16 Femenino"]
[Site "Porto Carras GRE"]
[Date "2010.10.24"]
[Round "6.8"]
[White "Gagare, Shalmali"]
[Black "Jalabadze, Natia"]
[Result "1/2-1/2"]
[WhiteElo "2110"]
[BlackElo "2043"]
[PlyCount "60"]
[EventDate "2010.10.20"]
[EventType "swiss"]
[EventRounds "11"]
[EventCountry "GRE"]
[Source "lmi"]
[SourceDate "2010.10.20"]

1. c4 e5 2. g3 Nf6 3. Bg2 d5 4. cxd5 Nxd5 5. Nc3 Nb6 6. Nf3 Nc6 7. O-O Be7 8.
a3 O-O 9. b4 Be6 10. Rb1 f6 11. d3 a5 12. b5 Nd4 13. Nd2 c6 14. bxc6 Nxc6 15.
Na4 Nxa4 16. Qxa4 Qd7 17. Re1 Rac8 18. Nc4 Bxc4 19. dxc4 Bc5 20. Rb3 b6 21. Be3
Bxe3 22. Rxe3 Qc7 23. Rd3 Nb8 24. Qb5 Rfd8 25. Rb1 Rxd3 26. exd3 Nd7 27. Bd5+
Kf8 28. Be6 Rd8 29. Bf5 g6 30. Bxd7 Rxd7 1/2-1/2

[Event "Wch Juvenil 2010 sub16 Femenino"]
[Site "Porto Carras GRE"]
[Date "2010.10.24"]
[Round "6.9"]
[White "Khalaji, Hanieh"]
[Black "Bea, Boglarka"]
[Result "1-0"]
[WhiteElo "1947"]
[BlackElo "2109"]
[PlyCount "60"]
[EventDate "2010.10.20"]
[EventType "swiss"]
[EventRounds "11"]
[EventCountry "GRE"]
[Source "lmi"]
[SourceDate "2010.10.20"]

1. e4 c5 2. Nf3 e6 3. c3 d5 4. exd5 exd5 5. d4 Nf6 6. Bb5+ Nc6 7. O-O Be7 8.
dxc5 Bxc5 9. Bg5 Be6 10. Nbd2 h6 11. Bh4 Bb6 12. Ne5 Rc8 13. Qa4 g5 14. Nxc6
bxc6 15. Bxc6+ Kf8 16. Bg3 Bc7 17. Nb3 h5 18. Nd4 h4 19. Bxc7 Qxc7 20. Rfe1 Bg4
21. Qb4+ Kg7 22. Re7 Qf4 23. f3 Kg6 24. Bb7 Rc4 25. Qb3 Rxd4 26. cxd4 Qxd4+ 27.
Qe3 Qxb2 28. Re1 h3 29. Qf2 Qxf2+ 30. Kxf2 Be6 1-0

[Event "Wch Juvenil 2010 sub16 Femenino"]
[Site "Porto Carras GRE"]
[Date "2010.10.24"]
[Round "6.10"]
[White "Ivanenko, Olga I"]
[Black "Wisniowska, Klaudia"]
[Result "0-1"]
[WhiteElo "2108"]
[BlackElo "2009"]
[PlyCount "72"]
[EventDate "2010.10.20"]
[EventType "swiss"]
[EventRounds "11"]
[EventCountry "GRE"]
[Source "lmi"]
[SourceDate "2010.10.20"]

1. e4 c5 2. Nf3 d6 3. d4 cxd4 4. Nxd4 Nf6 5. Nc3 Nc6 6. Bg5 Bd7 7. Qd2 Rc8 8.
f4 h6 9. Bxf6 gxf6 10. Nf5 Qa5 11. Bd3 Nb4 12. O-O Nxd3 13. Qxd3 Qc5+ 14. Kh1
Qc4 15. Qd2 Qc5 16. Rfe1 Kd8 17. Qd3 Qc4 18. Qd2 Qc5 19. Ne3 h5 20. e5 fxe5 21.
fxe5 Qxe5 22. Ned5 Qg7 23. Qe3 Rg8 24. Re2 Rc5 25. Rd1 Qg5 26. Qf2 Qf5 27. Qh4
Qg4 28. Qf2 Qf5 29. Qg1 b6 30. b4 Rc8 31. Ne4 Bb5 32. c4 Bxc4 33. Nxd6 exd6 34.
Rf2 Qxd5 35. Rxd5 Bxd5 36. Qd1 Bh6 0-1

[Event "Wch Juvenil 2010 sub16 Femenino"]
[Site "Porto Carras GRE"]
[Date "2010.10.24"]
[Round "6.11"]
[White "Perera Borrego, Mariela"]
[Black "Havanecz, Bianka"]
[Result "1-0"]
[WhiteElo "2068"]
[BlackElo "1948"]
[PlyCount "67"]
[EventDate "2010.10.20"]
[EventType "swiss"]
[EventRounds "11"]
[EventCountry "GRE"]
[Source "lmi"]
[SourceDate "2010.10.20"]

1. d4 d5 2. Nf3 Nf6 3. c4 e6 4. Bg5 Be7 5. e3 O-O 6. Nc3 h6 7. Bh4 b6 8. Rc1
Bb7 9. Bxf6 Bxf6 10. cxd5 exd5 11. Be2 Nd7 12. Qb3 c6 13. O-O Re8 14. Rfe1 Nf8
15. e4 Ne6 16. e5 Be7 17. Rcd1 Qd7 18. g3 Nc7 19. Bf1 Red8 20. Ne2 Ne6 21. Qd3
c5 22. Bh3 c4 23. Qb1 Bb4 24. Bxe6 Qxe6 25. Nf4 Qc6 26. e6 f6 27. Re3 Re8 28.
Qg6 Re7 29. Nh4 Qe8 30. Nf5 Rc7 31. Nxh6+ Kh8 32. Nf7+ Kg8 33. Qh5 Rxf7 34. Ng6
1-0

[Event "Wch Juvenil 2010 sub16 Femenino"]
[Site "Porto Carras GRE"]
[Date "2010.10.24"]
[Round "6.12"]
[White "Gevorgyan, Maria"]
[Black "Eid, Maha"]
[Result "1-0"]
[WhiteElo "1981"]
[BlackElo "2065"]
[PlyCount "49"]
[EventDate "2010.10.20"]
[EventType "swiss"]
[EventRounds "11"]
[EventCountry "GRE"]
[Source "lmi"]
[SourceDate "2010.10.20"]

1. e4 c5 2. Nc3 e6 3. Nf3 a6 4. g3 Qc7 5. d4 cxd4 6. Nxd4 Nf6 7. Bg2 Be7 8. O-O
d6 9. Be3 O-O 10. f4 Nbd7 11. g4 Nb6 12. g5 Ne8 13. Kh1 Bd8 14. f5 Nc4 15. Bc1
e5 16. Nb3 b5 17. Rf3 g6 18. Rh3 Ra7 19. Rh6 Kg7 20. Nd5 Qc6 21. f6+ Kg8 22.
Qf3 Nb6 23. Be3 Rb7 24. Bxb6 Rxb6 25. Ne7+ 1-0

[Event "Wch Juvenil 2010 sub16 Femenino"]
[Site "Porto Carras GRE"]
[Date "2010.10.26"]
[Round "7.1"]
[White "Ziaziulkina, Nastassia"]
[Black "Hakimifard, Ghazal"]
[Result "1/2-1/2"]
[WhiteElo "2284"]
[BlackElo "2173"]
[PlyCount "118"]
[EventDate "2010.10.20"]
[EventType "swiss"]
[EventRounds "11"]
[EventCountry "GRE"]
[Source "lmi"]
[SourceDate "2010.10.20"]

1. e4 c5 2. Nf3 Nc6 3. d4 cxd4 4. Nxd4 Qc7 5. Nc3 e6 6. Be2 a6 7. O-O Nf6 8.
Kh1 Nxd4 9. Qxd4 Bc5 10. Qd2 O-O 11. Qg5 Bd4 12. Bd3 Qe5 13. Qh4 Qh5 14. Qxh5
Nxh5 15. Ne2 Bc5 16. e5 f5 17. f4 b5 18. Bd2 Bb7 19. b4 Bb6 20. a4 bxa4 21.
Rxa4 Ra7 22. c4 a5 23. bxa5 Rfa8 24. Rfa1 Bc6 25. R4a2 Kf7 26. Bc2 Bc5 27. Bd1
g6 28. Rb1 h6 29. Ng1 Rc7 30. Rb3 d5 31. exd6 Bxd6 32. Bxh5 gxh5 33. Rd3 Ke7
34. Rg3 Kf7 35. Rd3 Ke7 36. Rg3 Kf7 37. Rb2 Be4 38. Rc3 Rxa5 39. Rb6 Bc5 40.
Rb2 Bd4 41. Rd3 Bxd3 42. Bxa5 Rxc4 43. Rb4 Be3 44. Rxc4 Bxc4 45. Bc7 Bd5 46.
Ne2 Ke7 47. Be5 Kd8 48. h4 Ke8 49. Ng3 Bf2 50. Kh2 Kf7 51. Kh3 Kg6 52. Ne2 Be1
53. Nd4 Bb4 54. Nc2 Bd2 55. Nd4 Kf7 56. Ne2 Be4 57. Nd4 Bd5 58. Ne2 Bc4 59. Nd4
Bd5 1/2-1/2

[Event "Wch Juvenil 2010 sub16 Femenino"]
[Site "Porto Carras GRE"]
[Date "2010.10.26"]
[Round "7.2"]
[White "Arabidze, Meri"]
[Black "Chumpitaz, Ann"]
[Result "1/2-1/2"]
[WhiteElo "2288"]
[BlackElo "2150"]
[PlyCount "73"]
[EventDate "2010.10.20"]
[EventType "swiss"]
[EventRounds "11"]
[EventCountry "GRE"]
[Source "lmi"]
[SourceDate "2010.10.20"]

1. d4 Nf6 2. Nf3 g6 3. g3 Bg7 4. Bg2 O-O 5. O-O d6 6. Nbd2 Nc6 7. e4 Bg4 8. d5
Nd4 9. h3 Nxf3+ 10. Nxf3 Bxf3 11. Qxf3 Nd7 12. c3 c5 13. Qe2 Rb8 14. h4 b5 15.
h5 Qc7 16. Bg5 Rfe8 17. Bh3 c4 18. hxg6 hxg6 19. f4 e6 20. dxe6 fxe6 21. a3 a5
22. Qc2 b4 23. axb4 axb4 24. e5 bxc3 25. bxc3 Nf8 26. Bf6 Bxf6 27. exf6 Qf7 28.
Ra6 d5 29. Bg2 Nh7 30. g4 Nxf6 31. f5 Nxg4 32. fxe6 Qh7 33. Bxd5 Ne3 34. Qd2
Nxf1 35. e7+ Kh8 36. Qd4+ Qg7 37. Qh4+ 1/2-1/2

[Event "Wch Juvenil 2010 sub16 Femenino"]
[Site "Porto Carras GRE"]
[Date "2010.10.26"]
[Round "7.3"]
[White "Nguyen, Thi Mai Hung"]
[Black "Schulz, Anja"]
[Result "1-0"]
[WhiteElo "2258"]
[BlackElo "2052"]
[PlyCount "85"]
[EventDate "2010.10.20"]
[EventType "swiss"]
[EventRounds "11"]
[EventCountry "GRE"]
[Source "lmi"]
[SourceDate "2010.10.20"]

1. d4 Nf6 2. Bf4 d6 3. Nf3 Nh5 4. Bg5 h6 5. Bd2 Nf6 6. c4 g6 7. Nc3 Bg7 8. e4
O-O 9. Be2 Nbd7 10. O-O e5 11. Qc2 c6 12. d5 c5 13. a3 Ne8 14. Bd3 Ndf6 15. b4
b6 16. Rfb1 Nh5 17. a4 a5 18. bxc5 bxc5 19. Qb2 Nc7 20. Bf1 f5 21. Ra3 g5 22.
Ne1 g4 23. exf5 Bxf5 24. Rd1 Qf6 25. Be3 Na6 26. Bd3 e4 27. Bb1 Rab8 28. Qd2
Qg6 29. Nb5 Nb4 30. g3 Kh7 31. Ng2 Qf6 32. Nh4 Bg6 33. Rb3 Kh8 34. Qe2 Bh7 35.
Qxg4 Qe5 36. Ng6+ Bxg6 37. Qxg6 Rf6 38. Qxe4 Qxe4 39. Bxe4 Re8 40. Bb1 Bf8 41.
Nc7 Re5 42. Ne6 Be7 43. f4 1-0

[Event "Wch Juvenil 2010 sub16 Femenino"]
[Site "Porto Carras GRE"]
[Date "2010.10.26"]
[Round "7.4"]
[White "Danelia, Mariam"]
[Black "Phan, Nguyen Mai Chi"]
[Result "1-0"]
[WhiteElo "2213"]
[BlackElo "2106"]
[PlyCount "143"]
[EventDate "2010.10.20"]
[EventType "swiss"]
[EventRounds "11"]
[EventCountry "GRE"]
[Source "lmi"]
[SourceDate "2010.10.20"]

1. d4 Nf6 2. c4 e6 3. Nc3 Bb4 4. Qc2 c5 5. dxc5 Bxc5 6. Nf3 O-O 7. Bg5 Be7 8.
e3 d6 9. Be2 a6 10. O-O h6 11. Bh4 Qc7 12. Rfd1 Rd8 13. Rac1 b6 14. Qb1 Bb7 15.
b4 Nbd7 16. Nd2 Rac8 17. Bg3 Qb8 18. Nb3 Qa8 19. f3 d5 20. cxd5 Nxd5 21. Nxd5
Bxd5 22. e4 Bc6 23. Bd6 Bf6 24. Qd3 Bb5 25. Qe3 Bxe2 26. Qxe2 Rxc1 27. Rxc1 Be5
28. Rd1 Rc8 29. f4 Bxd6 30. Rxd6 Nf6 31. Rxb6 Qxe4 32. Qxe4 Nxe4 33. Rxa6 Rd8
34. g3 Nc3 35. a3 Rd1+ 36. Kf2 Rb1 37. Nd2 Rh1 38. h4 Rh2+ 39. Ke3 Nd1+ 40. Kd3
Nb2+ 41. Kc3 Nd1+ 42. Kc2 Ne3+ 43. Kd3 Nd5 44. b5 Rg2 45. Ne4 f5 46. Nc5 Rxg3+
47. Kd4 Nc7 48. a4 Rg1 49. Rc6 Rd1+ 50. Kc3 Nd5+ 51. Kb2 Rd4 52. Rd6 Rxf4 53.
Nxe6 Rf2+ 54. Kb3 Rf3+ 55. Kc4 Ne3+ 56. Kc5 Rf1 57. b6 Rc1+ 58. Kb5 Rb1+ 59.
Ka6 Nc4 60. Rc6 Ne5 61. Rc7 g5 62. hxg5 hxg5 63. b7 g4 64. Nf4 g3 65. Ka7 Ng6
66. Ng2 f4 67. Rc6 Kg7 68. Rb6 Rxb6 69. Kxb6 Nf8 70. Nxf4 Kh6 71. Kc7 Ne6+ 72.
Nxe6 1-0

[Event "Wch Juvenil 2010 sub16 Femenino"]
[Site "Porto Carras GRE"]
[Date "2010.10.26"]
[Round "7.6"]
[White "Leks, Maria"]
[Black "Gevorgyan, Maria"]
[Result "1-0"]
[WhiteElo "2052"]
[BlackElo "1981"]
[PlyCount "77"]
[EventDate "2010.10.20"]
[EventType "swiss"]
[EventRounds "11"]
[EventCountry "GRE"]
[Source "lmi"]
[SourceDate "2010.10.20"]

1. d4 d5 2. c4 c6 3. e3 e6 4. Nc3 f5 5. g4 Nf6 6. gxf5 exf5 7. Qb3 a6 8. cxd5
cxd5 9. Bg2 Nc6 10. Nxd5 Ne4 11. Bxe4 fxe4 12. Nc3 Nb4 13. Nge2 Nd3+ 14. Kd2
Bb4 15. a3 Bxc3+ 16. Nxc3 Nxf2 17. Rf1 Rf8 18. Qd5 Qxd5 19. Nxd5 Bh3 20. Rg1
Rf7 21. Nf4 Bf5 22. b3 Nd3 23. Nxd3 exd3 24. Bb2 Be4 25. Rgf1 Rc8 26. Bc3 Rxc3
27. Kxc3 Rc7+ 28. Kb4 d2 29. Rad1 a5+ 30. Kxa5 Rc3 31. Kb4 Rd3 32. Rf2 Bd5 33.
Rdxd2 Rxb3+ 34. Kc5 Be4 35. d5 Bg6 36. Rb2 Rc3+ 37. Kd6 Rc8 38. Rxb7 Rd8+ 39.
Ke6 1-0

[Event "Wch Juvenil 2010 sub16 Femenino"]
[Site "Porto Carras GRE"]
[Date "2010.10.26"]
[Round "7.7"]
[White "Aranaz Murillo, Amalia"]
[Black "Khalaji, Hanieh"]
[Result "1/2-1/2"]
[WhiteElo "2154"]
[BlackElo "1947"]
[PlyCount "128"]
[EventDate "2010.10.20"]
[EventType "swiss"]
[EventRounds "11"]
[EventCountry "GRE"]
[Source "lmi"]
[SourceDate "2010.10.20"]

1. Nf3 c6 2. c4 d5 3. d4 Nf6 4. Qc2 dxc4 5. Qxc4 Bf5 6. g3 e6 7. Bg2 Nbd7 8.
Nc3 Be7 9. O-O O-O 10. Re1 Ne4 11. Qb3 Qb6 12. Nh4 Bxh4 13. gxh4 Qxb3 14. axb3
Nef6 15. e4 Bg6 16. b4 a6 17. f3 Nb6 18. b3 Nfd7 19. Be3 f6 20. Na4 Bf7 21. Bh3
Nxa4 22. bxa4 Rfd8 23. Red1 h6 24. Kf2 Kf8 25. Rd2 Ke7 26. Rad1 Nb6 27. d5 Nc4
28. Bc5+ Ke8 29. Rd4 Nb2 30. R1d2 e5 31. d6 exd4 32. Rxb2 Bc4 33. a5 Kf7 34.
Rd2 Be6 35. Bf1 Rd7 36. Rxd4 g5 37. Bd3 Rg8 38. Be2 Ke8 39. Rd1 Bb3 40. Rd2 Be6
41. Ke3 Rf7 42. Bd3 Kd7 43. Bb6 f5 44. e5 f4+ 45. Kf2 gxh4 46. Bf1 Rg5 47. Bd4
Rfg7 48. Ke1 Rg8 49. Re2 Bf5 50. Kd2 h3 51. Kc3 Be6 52. Kd3 Rh5 53. Rd2 Bd5 54.
Ke2 Re8 55. Kf2 Rg8 56. Re2 Ke6 57. Re1 Kd7 58. Bc3 Be6 59. Re4 Rf8 60. Bd2 Rh4
61. Bc3 Bd5 62. Re1 Ke6 63. Bd4 Rg8 64. Bc3 Rh5 1/2-1/2

[Event "Wch Juvenil 2010 sub16 Femenino"]
[Site "Porto Carras GRE"]
[Date "2010.10.26"]
[Round "7.8"]
[White "Schut, Lisa"]
[Black "Aflalo, Sophie"]
[Result "1-0"]
[WhiteElo "2288"]
[BlackElo "2051"]
[PlyCount "59"]
[EventDate "2010.10.20"]
[EventType "swiss"]
[EventRounds "11"]
[EventCountry "GRE"]
[Source "lmi"]
[SourceDate "2010.10.20"]

1. e4 c5 2. Nf3 Nc6 3. d4 cxd4 4. Nxd4 Nf6 5. Nc3 e5 6. Ndb5 d6 7. Bg5 a6 8.
Na3 b5 9. Nd5 Be7 10. Bxf6 Bxf6 11. c4 b4 12. Nc2 O-O 13. h4 a5 14. g3 Nb8 15.
Qf3 Nd7 16. Bh3 Nc5 17. Bxc8 Rxc8 18. Rd1 Ne6 19. b3 Be7 20. O-O Kh8 21. Kg2 g6
22. h5 Ng5 23. Qe2 f5 24. hxg6 hxg6 25. exf5 Rxf5 26. Qg4 Kg7 27. Nce3 Rf3 28.
Nxe7 Rc7 29. Qxg5 Rxe7 30. Nd5 1-0

[Event "Wch Juvenil 2010 sub16 Femenino"]
[Site "Porto Carras GRE"]
[Date "2010.10.26"]
[Round "7.9"]
[White "Lach, Aleksandra"]
[Black "Real, Pereyra Diana Carim"]
[Result "1-0"]
[WhiteElo "2206"]
[BlackElo "1968"]
[PlyCount "63"]
[EventDate "2010.10.20"]
[EventType "swiss"]
[EventRounds "11"]
[EventCountry "GRE"]
[Source "lmi"]
[SourceDate "2010.10.20"]

1. e4 c5 2. Nf3 d6 3. d4 cxd4 4. Nxd4 Nf6 5. Nc3 Nc6 6. Bg5 Bd7 7. Qd2 Rc8 8.
Be2 Nxd4 9. Qxd4 Qa5 10. Bd2 a6 11. O-O e5 12. Qd3 Qc7 13. Rad1 Be7 14. Bg5 Be6
15. Bxf6 gxf6 16. Rd2 Qc6 17. Kh1 Rg8 18. f3 Rg7 19. Nd5 Bxd5 20. exd5 Qa4 21.
a3 Qf4 22. g3 Qg5 23. f4 Qh6 24. c4 e4 25. Qxe4 Rxg3 26. Bf3 Kf8 27. Bg2 Qh5
28. Re1 Re8 29. c5 f5 30. Qe2 Rh3 31. Bxh3 Qxh3 32. cxd6 1-0

[Event "Wch Juvenil 2010 sub16 Femenino"]
[Site "Porto Carras GRE"]
[Date "2010.10.26"]
[Round "7.10"]
[White "Jalabadze, Natia"]
[Black "Saranya, J."]
[Result "1/2-1/2"]
[WhiteElo "2043"]
[BlackElo "2121"]
[PlyCount "82"]
[EventDate "2010.10.20"]
[EventType "swiss"]
[EventRounds "11"]
[EventCountry "GRE"]
[Source "lmi"]
[SourceDate "2010.10.20"]

1. e4 c5 2. Nf3 d6 3. d4 cxd4 4. Nxd4 Nf6 5. Nc3 a6 6. Bc4 e6 7. O-O Be7 8. Bb3
b5 9. Qf3 Qc7 10. Qg3 Nc6 11. Nxc6 Qxc6 12. Re1 Bb7 13. a3 O-O 14. Bh6 Ne8 15.
Rad1 Kh8 16. Bg5 Bxg5 17. Qxg5 Nf6 18. f4 Rad8 19. f5 h6 20. Qf4 exf5 21. Qxf5
Rde8 22. Qf4 Re5 23. Kh1 Qc5 24. Rd2 a5 25. h3 b4 26. axb4 axb4 27. Nd5 Bxd5
28. Bxd5 Rfe8 29. Bxf7 Rxe4 30. Rxe4 Rxe4 31. Qg3 Re3 32. Qh4 Qa7 33. Bg6 Qa1+
34. Kh2 Qf1 35. Rxd6 Re1 36. Rd8+ Ng8 37. Rxg8+ Kxg8 38. Qd8+ Qf8 39. Bh7+ Kf7
40. Bg6+ Kg8 41. Bh7+ Kf7 1/2-1/2

[Event "Wch Juvenil 2010 sub16 Femenino"]
[Site "Porto Carras GRE"]
[Date "2010.10.26"]
[Round "7.11"]
[White "Ainutdinova, Yekaterina"]
[Black "Gagare, Shalmali"]
[Result "1-0"]
[WhiteElo "1999"]
[BlackElo "2110"]
[PlyCount "79"]
[EventDate "2010.10.20"]
[EventType "swiss"]
[EventRounds "11"]
[EventCountry "GRE"]
[Source "lmi"]
[SourceDate "2010.10.20"]

1. e4 g6 2. d4 Bg7 3. Be3 c6 4. Qd2 d5 5. Nc3 Nf6 6. e5 Ng4 7. Bf4 h5 8. Nf3
Nd7 9. Ng5 Nf8 10. Na4 b6 11. O-O-O Ne6 12. Nxe6 Bxe6 13. Ba6 Qd7 14. Rde1 Nh6
15. h3 Nf5 16. g4 Nh4 17. Ref1 hxg4 18. hxg4 Bxg4 19. Qc3 Nf5 20. Rxh8+ Bxh8
21. Rg1 Bh5 22. Qd3 Kf8 23. Qh3 e6 24. Be2 Ng7 25. Nc3 Qc7 26. Bg5 Kg8 27. Rh1
c5 28. Bf6 cxd4 29. Nb5 Qc6 30. Kb1 d3 31. Bxd3 Nf5 32. Bxf5 exf5 33. Nd4 Qd7
34. Qg3 Bxf6 35. exf6 Re8 36. b3 f4 37. Qxf4 Kh7 38. f3 Rh8 39. Rxh5+ gxh5 40.
Qg5 1-0

[Event "Wch Juvenil 2010 sub16 Femenino"]
[Site "Porto Carras GRE"]
[Date "2010.10.27"]
[Round "8.1"]
[White "Nguyen, Thi Mai Hung"]
[Black "Ziaziulkina, Nastassia"]
[Result "1/2-1/2"]
[WhiteElo "2258"]
[BlackElo "2284"]
[PlyCount "23"]
[EventDate "2010.10.20"]
[EventType "swiss"]
[EventRounds "11"]
[EventCountry "GRE"]
[Source "lmi"]
[SourceDate "2010.10.20"]

1. d4 Nf6 2. Bf4 e6 3. e3 c5 4. c3 Nc6 5. Nd2 Be7 6. Bd3 b6 7. h3 Bb7 8. Ngf3
d6 9. O-O O-O 10. Qe2 cxd4 11. exd4 Re8 12. Bh2 1/2-1/2

[Event "Wch Juvenil 2010 sub16 Femenino"]
[Site "Porto Carras GRE"]
[Date "2010.10.27"]
[Round "8.2"]
[White "Wisniowska, Klaudia"]
[Black "Arabidze, Meri"]
[Result "0-1"]
[WhiteElo "2009"]
[BlackElo "2288"]
[PlyCount "82"]
[EventDate "2010.10.20"]
[EventType "swiss"]
[EventRounds "11"]
[EventCountry "GRE"]
[Source "lmi"]
[SourceDate "2010.10.20"]

1. e4 c5 2. Nf3 e6 3. d4 cxd4 4. Nxd4 Nc6 5. Nc3 a6 6. g3 Nge7 7. Nb3 b5 8. Bg2
Ng6 9. O-O Be7 10. f4 a5 11. a4 Qb6+ 12. Kh1 b4 13. Ne2 Ba6 14. Rf3 Qc7 15. Be3
d6 16. Ned4 Nxd4 17. Bxd4 O-O 18. Rf2 e5 19. Be3 exf4 20. gxf4 Nh4 21. f5 Bf6
22. Bd4 Qd8 23. Bxf6 Qxf6 24. Qd4 Qxd4 25. Nxd4 Rfe8 26. Re1 Bb7 27. Rfe2 Re5
28. Nf3 Nxf3 29. Bxf3 Rxf5 30. exf5 Bxf3+ 31. Kg1 Bxe2 32. Rxe2 Kf8 33. Rd2 Ke7
34. Kf2 Rc8 35. Ke3 Rc5 36. Kf4 Re5 37. Kg4 d5 38. h4 Kf6 39. Rf2 h5+ 40. Kg3
Rxf5 41. Re2 Re5 0-1

[Event "Wch Juvenil 2010 sub16 Femenino"]
[Site "Porto Carras GRE"]
[Date "2010.10.27"]
[Round "8.4"]
[White "Hakimifard, Ghazal"]
[Black "Leks, Maria"]
[Result "1-0"]
[WhiteElo "2173"]
[BlackElo "2052"]
[PlyCount "69"]
[EventDate "2010.10.20"]
[EventType "swiss"]
[EventRounds "11"]
[EventCountry "GRE"]
[Source "lmi"]
[SourceDate "2010.10.20"]

1. e4 e6 2. d4 d5 3. Nd2 Nf6 4. e5 Nfd7 5. c3 c5 6. Bd3 Nc6 7. Ne2 cxd4 8. cxd4
f6 9. exf6 Nxf6 10. Nf3 Bd6 11. O-O O-O 12. Bf4 Bxf4 13. Nxf4 Ng4 14. Qc1 Qf6
15. Nh5 Qh6 16. Qxh6 Nxh6 17. Rad1 Bd7 18. Rfe1 Nf5 19. Bb5 Rae8 20. Bxc6 Bxc6
21. Ne5 Nd6 22. Nd3 b6 23. g3 g5 24. Ne5 Bb5 25. a4 Bxa4 26. Ra1 Bb5 27. Rxa7
Kh8 28. h3 Ra8 29. Rea1 Rxa7 30. Rxa7 Be2 31. f3 Nb5 32. Nf7+ Kg8 33. Nh6+ Kh8
34. Rg7 Bxf3 35. Rg8+ 1-0

[Event "Wch Juvenil 2010 sub16 Femenino"]
[Site "Porto Carras GRE"]
[Date "2010.10.27"]
[Round "8.5"]
[White "Schulz, Anja"]
[Black "Schut, Lisa"]
[Result "1/2-1/2"]
[WhiteElo "2052"]
[BlackElo "2288"]
[PlyCount "56"]
[EventDate "2010.10.20"]
[EventType "swiss"]
[EventRounds "11"]
[EventCountry "GRE"]
[Source "lmi"]
[SourceDate "2010.10.20"]

1. e4 c5 2. Nf3 d6 3. d4 cxd4 4. Nxd4 Nf6 5. Nc3 a6 6. Be3 e5 7. Nb3 Be7 8. h3
Be6 9. f4 exf4 10. Bxf4 b5 11. Qf3 Nc6 12. O-O-O Qb6 13. Nd5 Bxd5 14. exd5 Na5
15. Nd4 O-O 16. Nf5 Rfe8 17. Nxe7+ Rxe7 18. Bg5 Rae8 19. Bxf6 gxf6 20. Qxf6
Qe3+ 21. Kb1 Qd2 22. Bd3 Re1 23. Rhxe1 Rxe1 24. Bxh7+ Kf8 25. Qd8+ Kg7 26. Qg8+
Kf6 27. Qd8+ Kg7 28. Qg8+ Kf6 1/2-1/2

[Event "Wch Juvenil 2010 sub16 Femenino"]
[Site "Porto Carras GRE"]
[Date "2010.10.27"]
[Round "8.6"]
[White "Khalaji, Hanieh"]
[Black "Lach, Aleksandra"]
[Result "1/2-1/2"]
[WhiteElo "1947"]
[BlackElo "2206"]
[PlyCount "98"]
[EventDate "2010.10.20"]
[EventType "swiss"]
[EventRounds "11"]
[EventCountry "GRE"]
[Source "lmi"]
[SourceDate "2010.10.20"]

1. e4 e5 2. Nf3 Nc6 3. Bc4 Nf6 4. d3 Be7 5. O-O O-O 6. Re1 d6 7. h3 Na5 8. Bb3
Nxb3 9. axb3 Be6 10. Nbd2 Nd7 11. Nf1 f5 12. exf5 Bxf5 13. Ng3 Bg6 14. Ne4 Bh5
15. Re3 Qe8 16. c4 c6 17. b4 Kh8 18. Ng3 Bg5 19. Re4 Bxf3 20. gxf3 Bf4 21. Bxf4
Rxf4 22. Qe2 Qf7 23. Kg2 d5 24. Rxf4 exf4 25. Nf1 a6 26. Re1 Nf8 27. Qe7 Kg8
28. cxd5 cxd5 29. Qxf7+ Kxf7 30. Re5 Rd8 31. Rf5+ Ke6 32. Rxf4 h5 33. b5 axb5
34. Rb4 Kd6 35. Rxb5 Kc6 36. Rb4 b5 37. Ne3 Ne6 38. Kg3 d4 39. Nc2 Kc5 40. Rb3
Rf8 41. Ra3 Kb6 42. h4 g6 43. Nb4 Nf4 44. Nc2 Ne2+ 45. Kg2 Nf4+ 46. Kg3 Ne2+
47. Kg2 Rc8 48. Nb4 Kc5 49. Na6+ Kb6 1/2-1/2